000 00524nam a22001817a 4500
999 _c526117
_d526117
003 NUST
020 _a9694111420
038 _aZafar Malik
082 _a891.4911
_bSHA
100 _aShafqat Tanveer Mirza
_99550
245 _aAkhiya Sachal Sarmast Nay \
_cShafqat Tanveer Mirza
260 _aLahore :
_bPakistan Punjabi Adbi Board ;
_c1996.
300 _a424 p. ;
500 _aPaperback
880 _6100-02\r
_aشفقت تنویر مرزا
880 _6245-02\r
_aآکھیا سچل سر مست نے
942 _2ddc
_cBK